Normal view
MARC view
Entry Topical Term
001 - CONTROL NUMBER
- control field: 20620
003 - CONTROL NUMBER IDENTIFIER
- control field: OSt
005 - DATE AND TIME OF LATEST TRANSACTION
- control field: 20220217152436.0
008 - FIXED-LENGTH DATA ELEMENTS
- fixed length control field: 220217|| aca||aabn | a|a d
040 ## - CATALOGING SOURCE
- Original cataloging agency: OSt
- Transcribing agency: OSt
150 ## - HEADING--TOPICAL TERM
- Topical term or geographic name entry element: Kannda Prose: ಕನ್ನಡ ಸಂಗ್ರಹ ಲೇಖನ
670 ## - SOURCE DATA FOUND
- Source citation: Work cat.: (OSt): Dinesh Amin Mattu: ದಿನೇಶ್ ಅಮಿನ್ ಮಟ್ಟು Ed. 20619, Bereye Matu: Vaddarse Raghurama Shettara Barahagalu: ಬೇರೆಯೇ ಮಾತು: ವಡ್ಡರ್ಸೆ ರಘುರಾಮ ಶೆಟ್ಟರ ಬರಹಗಳು , 2021